[Event "AUTO-ADV-1329"]
[Site "http://www.queenalice.com/game.php?id=740524"]
[Date "2010.3.3"]
[Round "3"]
[White "gardez2005"]
[Black "TarteEnPion"]
[Result "1/2-1/2"]
[WhiteElo "2006"]
[BlackElo "1874"]

1. e4 Nf6 2. e5 Nd5 3. d4 d6 4. c4 Nb6 5. exd6 exd6 6. Nc3 Nc6 7. Be3 Bf5 8. Be2
Be7 9. Nf3 O-O 10. O-O Re8 11. a3 a5 12. Qd2 Bf6 13. Rac1 Qd7 14. b3 Re7 15.
Rfe1 Rae8 16. Nd5 Re6 17. Nf4 R6e7 18. b4 axb4 19. axb4 Bg4 20. h3 Bxf3 21. Bxf3
Bxd4 22. Bxc6 Bxe3 23. Bxd7 Bxd2 24. Bxe8 Rxe1+ 25. Rxe1 Bxe1 26. Nd3 Bc3 27. c5
dxc5 28. bxc5 Nd5 29. Ba4 Nb4 30. Bb5 Nxd3 31. Bxd3 f6 32. Be4 b5 33. Kf1 Kf7
34. c6 g6 35. Ke2 Ke6 36. Kd3 b4 1/2-1/2

[Event "AUTO-OPEN-2267"]
[Site "http://www.queenalice.com/game.php?id=901635"]
[Date "2011.2.17"]
[Round "1"]
[White "Josecarlos"]
[Black "TarteEnPion"]
[Result "0-1"]
[WhiteElo "1933"]
[BlackElo "1834"]

1. e4 c5 2. Bc4 a6 3. Nf3 b5 4. Bd5 Nc6 5. Bxc6 dxc6 6. O-O Bg4 7. h3 Bh5 8. d3
e6 9. b3 Bd6 10. Bb2 f6 11. a3 Ne7 12. Nbd2 O-O 13. c4 Qc7 14. Qe1 Bf7 15. e5
fxe5 16. Nxe5 Ng6 17. Nxg6 Bxg6 18. Qxe6+ Kh8 19. Ne4 Bxe4 20. dxe4 Rae8 21. Qg4
Rf4 22. Qg3 Ref8 23. Rae1 Be5 24. Bxe5 Qxe5 25. Qe3 Re8 26. f3 Rd8 27. g3 Rff8
28. f4 Qb2 29. a4 Rd2 30. Rf2 Rxf2 31. Qxf2 Qxb3 32. cxb5 cxb5 33. axb5 axb5 34.
Re2 Rc8 35. f5 c4 36. f6 Rf8 37. e5 gxf6 38. exf6 c3 39. f7 Qxf7 40. Qe1 b4 41.
Re4 Qb7 42. Kh2 c2 43. Rxb4 c1=Q 44. Qxc1 Rf2+ 0-1

[Event "AUTO-OPEN-2267"]
[Site "http://www.queenalice.com/game.php?id=901636"]
[Date "2011.2.17"]
[Round "1"]
[White "TarteEnPion"]
[Black "Josecarlos"]
[Result "0-1"]
[WhiteElo "1845"]
[BlackElo "1914"]

1. e4 e5 2. Nf3 Nf6 3. Nxe5 Qe7 4. Nf3 Nxe4 5. Qe2 Nc6 6. a3 d5 7. g3 Bg4 8. c3
Bxf3 9. Qxf3 Nxg3+ 10. Be2 Nxh1 11. Qxh1 Qf6 12. Qxd5 Bd6 13. Qg2 O-O-O 14. Kf1
Bf4 15. a4 Rhe8 16. a5 Qe5 17. Qf3 a6 18. Ra4 Bxh2 19. Rc4 Nxa5 20. Rb4 Qe6 21.
d4 Rd5 22. c4 Rxd4 23. Be3 Rd7 24. Nc3 c6 25. Qh5 Qe5 26. Qh3 h5 27. Bxh5 Rh8
28. Qxd7+ Kxd7 0-1

[Event "AUTO-OPEN-2267"]
[Site "http://www.queenalice.com/game.php?id=901659"]
[Date "2011.2.17"]
[Round "1"]
[White "TarteEnPion"]
[Black "betanio"]
[Result "1-0"]
[WhiteElo "1873"]
[BlackElo "1307"]

1. e4 c5 2. Nf3 Nc6 3. d4 e6 4. Nc3 d5 5. exd5 exd5 6. Bb5 Bd7 7. Nxd5 cxd4 8.
c4 dxc3 9. Nxc3 Nge7 10. O-O a6 11. Bc4 b5 12. Bb3 g6 13. Re1 Bg7 14. Nd5 O-O
15. Bg5 Be6 16. Nxe7+ Nxe7 17. Qxd8 Rfxd8 18. Bxe6 1-0

[Event "AUTO-OPEN-2267"]
[Site "http://www.queenalice.com/game.php?id=901660"]
[Date "2011.2.17"]
[Round "1"]
[White "betanio"]
[Black "TarteEnPion"]
[Result "1-0"]
[WhiteElo "1388"]
[BlackElo "1875"]

1. d4 Nf6 2. Nf3 c5 3. d5 b5 4. e3 b4 5. c3 g6 6. Bc4 d6 7. O-O Bg4 8. Be2 Nbd7
9. cxb4 cxb4 10. h3 Bf5 11. Bd2 Nxd5 12. Nd4 Bg7 13. a4 a5 14. f3 Bxb1 15. Rxb1
O-O 16. Nc6 Qb6 17. Bb5 Nxe3 18. Bxe3 Qxe3+ 19. Kh1 Qf4 20. Nxe7+ Kh8 21. Nd5
Qg3 22. Bxd7 Be5 23. f4 Bg7 24. Rf3 Qh4 25. Nb6 Ra6 26. Nd5 Rd8 27. g3 Qxh3+ 28.
Bxh3 1-0

[Event "AUTO-OPEN-2872"]
[Site "http://www.queenalice.com/game.php?id=1134148"]
[Date "2012.12.24"]
[Round "1"]
[White "barrai"]
[Black "TarteEnPion"]
[Result "1-0"]
[WhiteElo "2002"]
[BlackElo "1846"]

1. e4 Nf6 2. d3 c5 3. Be2 Nc6 4. c3 d5 5. f3 e5 6. g4 dxe4 7. dxe4 Qxd1+ 8. Bxd1
Be6 9. b3 b5 10. Ne2 b4 11. a4 a5 12. Bg5 Be7 13. Nd2 O-O 14. h4 bxc3 15. Nxc3
Nd4 16. Nc4 Rfb8 17. Rb1 h6 18. Be3 Bxc4 19. bxc4 Rxb1 20. Nxb1 Rb8 21. Nc3 Rb4
22. g5 hxg5 23. hxg5 Nh7 24. Nd5 Rb7 25. g6 Nf6 26. gxf7+ Kxf7 27. Nc3 Rb4 28.
Nb5 Nxb5 29. cxb5 c4 30. Bd2 Rb2 31. Bxa5 Bb4+ 32. Bxb4 Rxb4 33. Kd2 Rb1 34. Kc2
Rb4 35. Kc3 Rb1 36. Kxc4 Nd7 37. Kd5 Nb6+ 38. Kxe5 Nxa4 39. Bxa4 Rxh1 40. f4 Ra1
41. Bb3+ Ke7 42. f5 Rb1 43. Bc4 Rc1 44. Kd5 Kf6 45. b6 Ke7 46. b7 Rb1 47. Kc6
Kd8 48. Bb5 Rxb5 49. Kxb5 Kc7 50. Ka6 1-0

[Event "AUTO-OPEN-2872"]
[Site "http://www.queenalice.com/game.php?id=1134149"]
[Date "2012.12.24"]
[Round "1"]
[White "TarteEnPion"]
[Black "barrai"]
[Result "0-1"]
[WhiteElo "1854"]
[BlackElo "2007"]

1. e4 c5 2. Nf3 Nc6 3. d4 cxd4 4. Nxd4 d6 5. Bc4 Nf6 6. Nc3 a6 7. f3 g6 8. Be3
Bg7 9. Qd2 h5 10. O-O-O Nxd4 11. Bxd4 b5 12. Bb3 Bd7 13. e5 dxe5 14. Bxe5 Bf5
15. Qg5 Bh6 16. Rxd8+ Rxd8 17. Bxf6 exf6 18. Re1+ Kf8 19. Qxh6+ Rxh6 20. a4 b4
21. Ne4 Re8 22. Bxf7 Re7 23. Bd5 Bd7 24. Kd2 Bxa4 25. Nxf6 Rxe1 26. Kxe1 Bxc2
27. Kd2 Bf5 28. Ke3 g5 29. Nd7+ Bxd7 0-1

[Event "AUTO-OPEN-2872"]
[Site "http://www.queenalice.com/game.php?id=1134174"]
[Date "2012.12.24"]
[Round "1"]
[White "TarteEnPion"]
[Black "Rubens2009"]
[Result "1-0"]
[WhiteElo "1836"]
[BlackElo "1852"]

1. e4 c5 2. Nf3 e6 3. d4 d5 4. exd5 exd5 5. Bb5+ Nc6 6. O-O Be7 7. Ne5 Bd7 8.
Nxd7 Qxd7 9. dxc5 Bxc5 10. Re1+ Nge7 11. Nc3 O-O 12. Rxe7 Qxe7 13. Nxd5 Qd8 14.
Be3 Bd6 15. Qf3 Ne5 16. Qd1 a6 17. Ba4 Nc4 18. Qd4 Nxe3 19. fxe3 Rc8 20. Rd1 Bc5
21. Qg4 b5 22. Bb3 Rc6 23. Kf2 Kh8 24. c4 f5 25. Qf3 Re6 26. cxb5 Rd6 27. bxa6
Qg5 28. g3 Rh6 29. Kg2 Rxa6 30. Qf4 Qg6 31. Rc1 Bd6 32. Qc4 Raa8 33. Nf4 Bxf4
34. Qxf4 Rae8 35. Bc4 Qc6+ 36. Kf2 Re4 37. Qf3 Rc8 38. b3 g6 39. Rc2 Rce8 40.
Bd3 Qd6 41. Bxe4 fxe4 42. Qe2 Rd8 43. Rc4 Rf8+ 44. Kg2 Qe5 45. Qc2 Re8 46. Rc8
Kg7 47. Qc7+ Qe7 48. Qxe7+ Rxe7 49. Rc4 h5 50. a4 Kf6 51. a5 Kf5 52. h3 Re5 53.
b4 Kf6 54. Rc6+ Kg7 55. a6 Re7 56. Rb6 Kh6 57. Rb7 Re6 58. a7 Ra6 59. b5 Ra2+
60. Kf1 Ra1+ 61. Ke2 Ra2+ 62. Kd1 Ra3 63. b6 Rxe3 64. a8=Q Rd3+ 65. Kc2 Rxg3 66.
h4 Rg2+ 67. Kc3 Rg3+ 68. Kc4 g5 69. Qg8 1-0

[Event "AUTO-OPEN-2872"]
[Site "http://www.queenalice.com/game.php?id=1134175"]
[Date "2012.12.24"]
[Round "1"]
[White "Rubens2009"]
[Black "TarteEnPion"]
[Result "1/2-1/2"]
[WhiteElo "1887"]
[BlackElo "1844"]

1. e4 Nf6 2. e5 Nd5 3. d4 d6 4. Nf3 Bg4 5. Be2 e6 6. a3 Be7 7. Bd2 Nc6 8. c3 O-O
9. O-O dxe5 10. Nxe5 Bxe2 11. Qxe2 Nxe5 12. Qxe5 Bd6 13. Qh5 Nf4 14. Qf3 Nd5 15.
Be3 Qf6 16. Qe2 c6 17. Nd2 Nf4 18. Qf3 Nd5 19. Qxf6 Nxf6 20. f3 e5 21. Ne4 Nxe4
22. fxe4 exd4 23. cxd4 Rfe8 24. e5 Re6 25. Bf4 Be7 26. Rad1 Rd8 27. Rf2 Rd5 28.
h3 c5 29. Be3 cxd4 30. Bxd4 Rexe5 31. b4 Re4 32. Rfd2 b6 33. Rd3 f5 34. Kf2 g5
35. g3 h5 36. Be3 Rxd3 37. Rxd3 a5 38. b5 Bc5 39. Bxc5 bxc5 40. Rd5 Ra4 41. Rxc5
Rxa3 42. Rxf5 g4 43. hxg4 hxg4 44. Rg5+ Kf7 45. Rxg4 Ke6 46. Kg2 Kd6 47. Rg6+
Kc7 48. g4 Rb3 49. Rc6+ Kb7 50. Rc5 Kb6 51. Rc6+ Kxb5 52. Rc8 a4 53. g5 a3 54.
g6 Rb2+ 55. Kf3 a2 56. Rb8+ Kc5 57. Ra8 Rb6 58. g7 Rg6 59. Rxa2 Rxg7 1/2-1/2

[Event "AUTO-OPEN-2872"]
[Site "http://www.queenalice.com/game.php?id=1134176"]
[Date "2012.12.24"]
[Round "1"]
[White "TarteEnPion"]
[Black "favazza2007"]
[Result "1/2-1/2"]
[WhiteElo "1837"]
[BlackElo "1918"]

1. e4 d5 2. exd5 Nf6 3. Bb5+ Bd7 4. Bc4 e6 5. dxe6 Bxe6 6. Qe2 Qd6 7. Bxe6 Qxe6
8. Qxe6+ fxe6 9. d4 Nc6 10. Nf3 Bd6 11. Bg5 O-O 12. Nc3 Nd5 13. Nb5 a6 14. Nxd6
cxd6 15. O-O-O h6 16. Bd2 Rf7 17. Rhe1 Re8 18. c4 Nc7 19. d5 exd5 20. cxd5 Rxe1
21. Bxe1 Ne7 22. Ne5 dxe5 23. d6 Ned5 24. dxc7 Rxc7+ 25. Kb1 Nf4 26. g3 Ne2 27.
Bd2 Nd4 28. b3 Nf3 29. h3 Rd7 30. Kc2 Nxd2 31. Rxd2 Rxd2+ 32. Kxd2 Kf7 33. Ke3
Ke6 34. Ke4 a5 35. h4 b5 36. g4 a4 37. b4 g6 38. a3 Kd6 39. Ke3 Kd5 40. g5 hxg5
41. hxg5 Kc4 42. Ke4 Kb3 43. Kxe5 Kxa3 44. f4 Kxb4 45. f5 gxf5 46. g6 a3 47. g7
a2 48. g8=Q a1=Q+ 49. Kxf5 Qf1+ 50. Ke5 Qe2+ 51. Kf6 Qf3+ 52. Ke7 Qe4+ 53. Kd6
Qd4+ 54. Ke7 Qe5+ 55. Kd7 Qc5 56. Qa2 Qf5+ 57. Ke7 Qh7+ 58. Kf6 Qh8+ 59. Ke7
Qg7+ 60. Ke8 Qg6+ 61. Ke7 Qg7+ 62. Kd6 Qf6+ 63. Kd7 Qd4+ 64. Ke7 Qc4 65. Qb2+
Kc5 66. Qe5+ Qd5 67. Qe3+ Kc6 68. Qh6+ Kc5 69. Qc1+ Kb6 70. Qe1 Qc5+ 71. Ke6 b4
72. Qb1 Kb5 73. Kf6 Qc3+ 74. Kg6 b3 75. Kh5 Kb4 76. Qe4+ Ka3 77. Qa8+ Kb2 78.
Qg2+ Qc2 79. Qg7+ Ka3 80. Qa7+ Kb4 81. Qb6+ Kc4 82. Qc7+ Kd5 83. Qb7+ Kd4 84.
Qb4+ Ke3 85. Qb6+ Kf3 86. Qf6+ Kg2 87. Qg5+ Kh1 88. Qd5+ Kg1 89. Qd4+ Kf1 90.
Qa1+ Kg2 91. Qg7+ Kf3 92. Qf6+ Ke3 93. Qb6+ Kd3 94. Qd6+ Kc3 95. Qe5+ Kb4 96.
Qb8+ Kc5 97. Qe5+ Kb6 98. Qd6+ Kb7 99. Qd7+ Kb6 100. Qd6+ Qc6 101. Qb8+ Qb7 102.
Qd6+ Qc6 103. Qb8+ Qb7 104. Qd6+ Ka5 105. Qa3+ Kb6 106. Qxb3+ Kc7 107. Qxb7+
Kxb7 108. Kg5 1/2-1/2

[Event "AUTO-OPEN-2872"]
[Site "http://www.queenalice.com/game.php?id=1134177"]
[Date "2012.12.24"]
[Round "1"]
[White "favazza2007"]
[Black "TarteEnPion"]
[Result "1-0"]
[WhiteElo "1860"]
[BlackElo "1853"]

1. c4 b6 2. g3 Bb7 3. Nf3 Bxf3 4. exf3 d5 5. cxd5 Qxd5 6. Nc3 Qe6+ 7. Qe2 Qxe2+
8. Bxe2 Nd7 9. d4 e5 10. Be3 O-O-O 11. Ba6+ Kb8 12. dxe5 Nxe5 13. f4 Nc6 14. a3
Nf6 15. O-O Nd5 16. Nxd5 Rxd5 17. Rad1 Rxd1 18. Rxd1 Bd6 19. Bd4 Nxd4 20. Rxd4
Rd8 21. b4 c6 22. Bc4 f6 23. Kg2 Kc7 24. Rd3 Be7 25. Rxd8 Bxd8 26. Kf3 Kd6 27.
Ke4 h6 28. Kf5 Ke7 29. h4 b5 30. Bb3 a5 31. g4 axb4 32. axb4 Bb6 33. f3 c5 34.
bxc5 Bxc5 35. g5 Be3 36. gxf6+ gxf6 37. Ke4 Bd2 38. f5 Kd6 39. h5 Kc5 40. Kd3
Bb4 41. Be6 Ba5 42. Ke4 Kb4 43. Kd5 Ka3 44. Kd6 Bc3 45. Ke7 b4 46. Kf7 b3 47.
Bxb3 Kxb3 48. Kg6 Be5 49. Kxh6 Kc4 50. Kg6 Bf4 51. Kxf6 Kd4 52. Kg6 1-0

[Event "AUTO-OPEN-3643"]
[Site "http://www.queenalice.com/game.php?id=1419994"]
[Date "2016.4.26"]
[Round "1"]
[White "Varela27"]
[Black "TarteEnPion"]
[Result "1-0"]
[WhiteElo "1913"]
[BlackElo "1840"]

1. c4 b6 2. Nc3 Bb7 3. Nf3 e6 4. a3 d5 5. d4 c5 6. cxd5 cxd4 7. Nxd4 Bxd5 8. e4
Bb7 9. Bb5+ Nd7 10. O-O a6 11. Bg5 Qxg5 12. Bxd7+ Kxd7 13. Nf3+ 1-0

[Event "AUTO-OPEN-3643"]
[Site "http://www.queenalice.com/game.php?id=1419995"]
[Date "2016.4.26"]
[Round "1"]
[White "TarteEnPion"]
[Black "Varela27"]
[Result "0-1"]
[WhiteElo "1832"]
[BlackElo "2013"]

1. e4 c5 2. Nf3 d6 3. d4 cxd4 4. Nxd4 Nf6 5. Nc3 g6 6. Be2 Bg7 7. Be3 O-O 8. f3
Nc6 9. Qd2 Nxd4 10. Bxd4 Be6 11. O-O-O Qa5 12. Kb1 Rfc8 13. Nd5 Qxd2 14. Nxe7+
Kf8 15. Nxg6+ hxg6 16. Rxd2 d5 17. exd5 Nxd5 18. Bxg7+ Kxg7 19. g3 Rh8 20. Bd3
Nb4 21. b3 Rad8 22. a3 Nxd3 23. Rxd3 Rxd3 24. cxd3 Bxb3 25. Kb2 Bd5 0-1

[Event "AUTO-OPEN-3643"]
[Site "http://www.queenalice.com/game.php?id=1420024"]
[Date "2016.4.26"]
[Round "1"]
[White "TarteEnPion"]
[Black "clovis"]
[Result "0-1"]
[WhiteElo "1794"]
[BlackElo "2061"]

1. d4 d5 2. Nf3 Nf6 3. Bf4 Bf5 4. e3 e6 5. Bd3 Bxd3 6. Qxd3 c6 7. Nbd2 Bd6 8.
Bxd6 Qxd6 9. e4 dxe4 10. Nxe4 Nxe4 11. Qxe4 Qb4+ 12. Nd2 Qxb2 13. Rb1 Qxa2 14.
O-O b6 15. Rfe1 Qd5 16. c4 Qxe4 17. Nxe4 Ke7 18. d5 cxd5 19. cxd5 exd5 20. Nc3+
Kd6 21. Rbd1 Nc6 22. Rxd5+ Kc7 23. Nb5+ Kb7 24. Rd7+ Ka6 25. Nc7+ Ka5 26. Rd5+
Kb4 27. Re4+ Kc3 28. Nb5+ Kb3 29. Rd3+ Kb2 30. Re2+ Kc1 31. Re1+ Kb2 32. Re2+
Kc1 33. Na3 Nb4 34. Re1+ Kb2 35. Rb1+ Ka2 36. Rdb3 Rac8 37. Nb5 Rc1+ 38. Rxc1
Kxb3 39. Nxa7 Ra8 40. Ra1 Nc6 0-1

[Event "AUTO-OPEN-3643"]
[Site "http://www.queenalice.com/game.php?id=1420025"]
[Date "2016.4.26"]
[Round "1"]
[White "clovis"]
[Black "TarteEnPion"]
[Result "1-0"]
[WhiteElo "1996"]
[BlackElo "1840"]

1. e4 c5 2. Nf3 a6 3. d4 cxd4 4. Nxd4 Nf6 5. Nc3 Nc6 6. Bc4 Ne5 7. Bb3 e6 8. O-O
Bc5 9. f4 Nc6 10. Be3 Qc7 11. Bf2 Qxf4 12. Nxe6 Bxf2+ 13. Rxf2 Qxf2+ 14. Kxf2
1-0

[Event "AUTO-OPEN-3643"]
[Site "http://www.queenalice.com/game.php?id=1420027"]
[Date "2016.4.26"]
[Round "1"]
[White "tango2011"]
[Black "TarteEnPion"]
[Result "1-0"]
[WhiteElo "1486"]
[BlackElo "1823"]

1. Nf3 c6 2. e4 d5 3. e5 Bf5 4. d4 e6 5. Bd3 Bg6 6. O-O Be7 7. Bg5 Bxg5 8. c4
Nh6 9. Bxg6 hxg6 10. c5 b6 11. b4 a5 12. bxa5 bxc5 13. dxc5 Rxa5 14. Qc2 Be7 15.
Nbd2 Rxc5 16. Qa4 O-O 17. Nd4 Qa5 18. Qd1 Qc3 19. N4b3 Rb5 20. Rb1 Nd7 21. Re1
Ra8 22. Rc1 Qb2 23. Nd4 Qxd4 24. Rxc6 1-0

[Event "AUTO-OPEN-4001"]
[Site "http://www.queenalice.com/game.php?id=1552288"]
[Date "2018.12.8"]
[Round "1"]
[White "maurice91"]
[Black "TarteEnPion"]
[Result "1-0"]
[WhiteElo "1811"]
[BlackElo "1789"]

1. d4 d5 2. Nf3 Bg4 3. Bf4 e6 4. e3 c5 5. c3 Nc6 6. Be2 Bd6 7. Bxd6 Qxd6 8. Na3
Nge7 9. Nb5 Qd7 10. dxc5 Nc8 11. O-O a6 12. Nbd4 N8e7 13. b4 b5 14. a4 Nxd4 15.
Nxd4 Bxe2 16. Qxe2 O-O 17. axb5 axb5 18. Nxb5 Qc6 19. Nd4 Qd7 20. Ra2 Nc6 21.
Rfa1 Nxd4 22. exd4 Qb7 23. Ra6 Rab8 24. Rd6 Qb5 25. Qxb5 Rxb5 26. Rb6 Rxb6 27.
cxb6 1-0

[Event "AUTO-OPEN-4001"]
[Site "http://www.queenalice.com/game.php?id=1552289"]
[Date "2018.12.8"]
[Round "1"]
[White "TarteEnPion"]
[Black "maurice91"]
[Result "1-0"]
[WhiteElo "1774"]
[BlackElo "1804"]

1. c4 c6 2. Nc3 g6 3. d4 Bg7 4. Bf4 d6 5. e3 Qc7 6. c5 e5 7. cxd6 Qxd6 8. Bg3 f6
9. dxe5 Qxd1+ 10. Rxd1 fxe5 11. Nf3 Be6 12. Nxe5 Nf6 13. Bc4 Bxc4 14. Nxc4 O-O
15. O-O Nbd7 16. Ne5 Nxe5 17. Bxe5 Rad8 18. b3 Rfe8 19. Rxd8 Rxd8 20. Rd1 Rxd1+
21. Nxd1 Kf7 22. Nc3 Bf8 23. h3 Nd7 24. Bg3 b6 25. Kf1 Ke6 26. Ke2 g5 27. Kf3 h5
28. Ne4 Be7 29. Ke2 a6 30. f4 gxf4 31. exf4 h4 32. Bh2 Kf5 33. Ke3 c5 34. Nc3
Bd6 35. Nd5 b5 36. Nc3 Be7 37. Kf3 Nf6 38. Bg1 Bd6 39. Bf2 Be7 40. Bxh4 Bd6 41.
Bxf6 Kxf6 42. Ne4+ 1-0

[Event "AUTO-OPEN-4001"]
[Site "http://www.queenalice.com/game.php?id=1552314"]
[Date "2018.12.8"]
[Round "1"]
[White "TarteEnPion"]
[Black "Astralis"]
[Result "0-1"]
[WhiteElo "1774"]
[BlackElo "1755"]

1. c4 e5 2. Nc3 Nc6 3. g3 g6 4. Bg2 Bg7 5. d3 d6 6. Nh3 Nge7 7. Ng5 Bd7 8. O-O
O-O 9. f4 Nf5 10. fxe5 Bxe5 11. Bf4 Bg7 12. e3 h6 13. Nf3 g5 14. e4 gxf4 15.
exf5 fxg3 16. hxg3 Bxf5 17. d4 Bg4 18. Ne2 Qd7 19. a3 Rae8 20. Rc1 Ne7 21. Rc3
c5 22. dxc5 Bxc3 23. Nxc3 Nf5 24. Qd3 Re3 25. Qc2 Nxg3 26. Rf2 Bh3 27. Ne4 Rxe4
28. cxd6 Rfe8 29. c5 Re2 0-1

[Event "AUTO-OPEN-4001"]
[Site "http://www.queenalice.com/game.php?id=1552315"]
[Date "2018.12.8"]
[Round "1"]
[White "Astralis"]
[Black "TarteEnPion"]
[Result "1-0"]
[WhiteElo "1569"]
[BlackElo "1789"]

1. e4 c5 2. Nf3 Nc6 3. d4 cxd4 4. Nxd4 Qb6 5. Nb3 g6 6. Be3 Qb4+ 7. Nc3 Bg7 8.
Bd2 Bxc3 9. Bxc3 Qxe4+ 10. Qe2 Qxe2+ 11. Bxe2 e5 12. Bb5 Nge7 13. f4 f6 14.
O-O-O a6 15. Bxc6 Nxc6 16. Rhe1 Kf7 17. fxe5 f5 18. e6+ 1-0

[Event "AUTO-OPEN-4001"]
[Site "http://www.queenalice.com/game.php?id=1552316"]
[Date "2018.12.8"]
[Round "1"]
[White "TarteEnPion"]
[Black "renocharlier"]
[Result "1-0"]
[WhiteElo "1796"]
[BlackElo "1494"]

1. c4 e5 2. Nc3 Qe7 3. d3 Qe6 4. g3 Na6 5. Nf3 d5 6. Nxd5 e4 7. dxe4 Bd6 8. Qd3
Bb4+ 9. Bd2 Nf6 10. Nxc7+ Nxc7 11. Bxb4 Qb6 12. Bc3 Bg4 13. h3 Bd7 14. Bg2 O-O
15. Bxf6 gxf6 16. Qxd7 Ne6 17. b3 Rad8 18. Qa4 Nd4 19. Nxd4 Rxd4 20. O-O Qc5 21.
Rfd1 Rd6 22. Rxd6 Qxd6 23. Qxa7 Qa6 24. Qxa6 bxa6 25. Rd1 a5 26. Rd5 Kg7 27.
Rxa5 Re8 28. f4 h6 29. c5 Kg6 30. c6 Rc8 31. Rc5 h5 32. c7 h4 33. g4 f5 34.
exf5+ Kf6 35. e4 Ke7 36. g5 Kd6 37. b4 Rxc7 38. e5+ Kd7 39. e6+ fxe6 40. Rxc7+
Kxc7 41. g6 exf5 42. g7 Kb6 43. g8=Q Kb5 44. a3 Ka4 45. Qa8+ Kb3 46. Bd5+ Kc3
47. Qh8+ Kd3 48. Kf2 Kd2 49. Qd4+ Kc2 50. Ba2 Kc1 51. Bb3 Kb1 52. Qd2 Ka1 53.
Qa2# 1-0

[Event "AUTO-OPEN-4001"]
[Site "http://www.queenalice.com/game.php?id=1552317"]
[Date "2018.12.8"]
[Round "1"]
[White "renocharlier"]
[Black "TarteEnPion"]
[Result "0-1"]
[WhiteElo "1527"]
[BlackElo "1791"]

1. Nf3 Nf6 2. d4 d5 3. e3 c5 4. dxc5 Nc6 5. Nc3 Bg4 6. Bb5 e6 7. h3 Bh5 8. Qd3
Bxc5 9. Bxc6+ bxc6 10. O-O Bg6 11. e4 dxe4 12. Nxe4 Bxe4 13. Qxd8+ Rxd8 14. Ne5
Nd7 15. Be3 Bxe3 16. Nxf7 Kxf7 17. fxe3+ Ke7 18. Rac1 Rhf8 19. Rxf8 Rxf8 20. Rf1
Rxf1+ 21. Kxf1 Bxc2 22. b4 c5 23. b5 Ne5 24. Ke1 Ba4 25. g4 Bxb5 26. g5 Nf3+ 27.
Kf2 Nxg5 28. Kg3 c4 29. h4 c3 30. hxg5 c2 31. Kf4 c1=Q 32. Ke5 Qxe3# 0-1